000 00577cas a22002055a 4500
001 L138080
008 070515c xxkqr p 0 a0eng u
035 _a(Sirsi) u138080
041 0 _aeng
110 2 _aRoyal Institution of Chartered Surveyors
_bMiddlesex and Urban Essex Branch
_95196
245 0 0 _aBranch News
260 _aLondon
_bRICS
_c[199?]-[199?]
362 0 _aAutumn 1991-Spring 1995
554 _aQuarterly
651 4 _aESSEX
651 4 _aMIDDLESEX
690 _aMANAGEMENT-BUSINESS MANAGEMENT-PROFESSIONAL PRACTICE
785 0 0 _tOutside Edge
942 _n0
999 _c118951
_d118951